Journal of distance education Revue de l'enseignement à distance.

Detalles Bibliográficos
Nuevo Título:International Journal of E-Learning & Distance Education
Título anterior:Journal of distance education
Autor Corporativo: Canadian Association for Distance Education
Formato: Electrónico Revista
Lenguaje:inglés
Publicado: [Place of publication not identified] : [Canadian Association of Distance Education]
Materias:
Acceso en línea:Full text available from Research Library: 04/01/2004 to 10/31/2008

MARC

LEADER 00000nas a2200000 a 4500
001 ssj0001631
003 WaSeSS
005 20200512172242.0
006 m d
007 cr n
008 030911d19862014xx fr pss 0 0eng c
010 |a  2003251118 
016 |a 870390910 
022 |a 1916-6818  |l 0830-0445  |y 0830-0445 
035 |a (WaSeSS)ssj0001631 
040 |a UMC  |b eng  |c UMC  |d OCLCQ  |d OCLCS  |d CUS  |d OCLCQ  |d UQ1  |d WAU  |d N15  |d OCLCQ  |d OCLCF  |d CUS  |d OCLCQ  |d CUI  |d AU@  |d WaSeSS 
041 0 |a eng  |b fre 
042 |a pcc 
050 4 |a LC5808.C2  |b J68 
222 0 |a Journal of distance education  |b (Online) 
245 0 0 |a Journal of distance education  |h [electronic resource] =  |b Revue de l'enseignement à distance. 
246 3 1 |a Revue de l'enseignement à distance 
246 1 |i Also called:  |a JDE 
246 1 |i Also known as:  |a CADE journal 
260 |a [Place of publication not identified] :  |b [Canadian Association of Distance Education] 
310 |a Semiannual 
362 1 |a Print began with vol. 1, no. 1 (fall 1986). 
362 1 |a Ceased with vol. 28, no. 1 (spring 2014). 
500 |a Title from ICAAP (International Consortium for the Advancement of Academic Publication) host site, viewed Sept. 11, 2003. 
506 |a License restrictions may limit access. 
546 |a Includes some text in French. 
550 |a Official publication of the Canadian Association of Distance Education. 
588 |a Latest issue consulted: Vol. 24, no. 3 (2010) (AU Press, Journal home page, viewed July 20, 2010). 
650 0 |a Distance education  |v Periodicals. 
650 6 |a Enseignement à distance  |v Périodiques. 
650 7 |a Distance education.  |2 fast  |0 (OCoLC)fst00895456 
650 1 7 |a Enseignement à distance.  |2 rasuqam 
655 0 |a Electronic journals. 
710 2 |a Canadian Association for Distance Education. 
776 0 8 |i Print version:  |t Journal of distance education  |x 0830-0445  |w (DLC)cn 87039091  |w (CaOONL)870390910  |w (OCoLC)15482793 
780 0 0 |t Journal of distance education  |x 0830-0445  |w (DLC)cn 87039091  |w (CaOONL)870390910  |w (OCoLC)15482793 
785 0 0 |t International Journal of E-Learning & Distance Education  |x 2292-8588  |w (OCoLC)895040337 
856 4 0 |z Full text available from Research Library: 04/01/2004 to 10/31/2008  |u https://search.proquest.com/publication/25998